Powiaty graniczące z innymi państwami - Statystyki

Ogólne statystyki
  • Ten quiz został rozwiązany 164 razy
  • Średni wynik to 42 z 55
Statystyki odpowiedzi
Kraj Graniczący Województwo Powiat % Poprawnych
suwalski
89%
kłodzki
88%
dolnośląskie zgorzelecki
88%
Czechy dolnośląskie zgorzelecki
88%
bieszczadzki
87%
Ukraina bieszczadzki
87%
nowosądecki
87%
tatrzański
87%
krośnieński
85%
Niemcy zachidniopomorskie policki
85%
Słowacja żywiecki
85%
przemyski
84%
cieszyński
83%
hajnowski
83%
opolskie nyski
83%
hrubieszowski
82%
nowotarski
82%
nowotarski
82%
bialski
81%
sanocki
81%
augustowski
78%
białostocki
78%
Litwa sejneński
78%
słubicki
78%
wałbrzyski
78%
chełmski
77%
gryfiński
77%
bartoszycki
76%
żarski
76%
Rosja warmińsko-mazurskie gołdapski
75%
lubuskie gorzowski
75%
podkarpackie jasielski
73%
leski
73%
śląskie raciborski
73%
braniewski
72%
gorlicki
72%
jarosławski
72%
pomorskie nowodworski
72%
głubczycki
71%
włodawski
70%
Białoruś włodawski
70%
kamiennogórski
68%
lubaczowski
68%
prudnicki
68%
sokólski
68%
małopolskie suski
68%
karkonoski
67%
węgorzewski
67%
wodzisławski
66%
kętrzyński
65%
lubański
65%
lubelskie tomaszowski
65%
ząbkowicki
65%
myśliborski
62%
podlaskie siemiatycki
62%
Nie znaleziono quizów pasujących do podanych kryteriów
Rozkład punktacji
Procent ludzi z każdym wynikiem
Percentyl według liczby udzielonych odpowiedzi
Twoja historia wyników
Nie rozwiązałeś tego quizu